| 000 | 00767nam a2200205Ii 4500 | ||
|---|---|---|---|
| 003 | JO-AjNU | ||
| 008 | 230605s9999||||xx |||||||||||||| ||und|| | ||
| 040 |
_aJO-AjNU _bara _erda _cJO-AjNU |
||
| 041 | _aara | ||
| 050 | 1 | 4 | _aBP184.25.G42 2001 |
| 100 | 3 |
_aالغزالي، أبي حامد ؛ ابن الجوزي ؛ عناية: خالد خادم السروجي ، محمد علي محمد بحري, _eauthor _918402 |
|
| 245 | 0 | 0 | _aأيها الولد ويليه لفتة الكبد في نصيحة الولد |
| 250 | _aط2 | ||
| 264 | 3 | 1 | _aدمشق: الدار الدمشقية، 2001 |
| 300 | _a70ص | ||
| 336 |
_atext _btxt _2rdacontent |
||
| 337 |
_aunmediated _bn _2rdamedia |
||
| 338 |
_avolume _bnc _2rdacarrier |
||
| 650 | 4 |
_aالوعظ والارشاد _918403 |
|
| 999 |
_aA5878 _c9446 _d9446 |
||